| 000 | 00559nam a2200193 u 4500 | ||
|---|---|---|---|
| 005 | 20210223131327.0 | ||
| 008 | 100624s2003 es r 000 0 spa d | ||
| 020 | _a8474266777 | ||
| 035 | _aUPN01000176954 | ||
| 049 | _aCG | ||
| 050 | 4 |
_aRC927.3 _bC3.2 |
|
| 100 | 1 | _aCastro-Villalba, Pilar | |
| 245 | 1 | 0 |
_aCartas a mi médico : _bcuentos fibromiálgicos / _cPilar Castro-Villalba. |
| 260 |
_aBarcelona, Esp. : _bIcaria, _c2003. |
||
| 300 | _a156 p. | ||
| 440 | 0 |
_aIcaria. _pLiteraria ; _v44 |
|
| 650 | 4 |
_aFIBROMIALGIA - _xPACIENTES _918944 |
|
| 905 | _aLibro | ||
| 999 |
_c149057 _d149057 |
||